000 00343nam a2200145Ia 4500
005 20251222144906.0
008 251222s9999||||xx |||||||||||||| ||spa||
020 _a84-7050-569-6
082 _a238.5/B19
100 _aVon Balthasar, Hans Urs
245 0 _aTratado sobre el infierno:
250 _a2a.ed.
264 _bEDICEP
942 _cLIB
999 _c22160
_d22160